Southville International School and Colleges
Your cart is empty.
  • Cart
  • Lists
    Public lists Eva Luna New books Lux_list list_1
    Your lists Log in to create your own lists
  • Log in to your account
  • Your cookies
  • Search history
Southville International School and Colleges
  • Advanced search
  • Recent comments
  • Most popular
  • Libraries

Log in to your account

Log in with GOOGLE


If you do not have an external account, but do have a local account, you can still log in:

  1. Home
  2. MARC view: College algebra and trigonometry /
Normal view MARC view ISBD view

College algebra and trigonometry / (Record no. 15171)

[ view plain ]
MARC details
000 -LEADER
fixed length control field 00998cam a2200313 a 4500
001 - CONTROL NUMBER
control field 4328565
003 - CONTROL NUMBER IDENTIFIER
control field OSt
005 - DATE AND TIME OF LATEST TRANSACTION
control field 20140310182701.0
008 - FIXED-LENGTH DATA ELEMENTS--GENERAL INFORMATION
fixed length control field 880421s1989 maua 001 0 eng
010 ## - LIBRARY OF CONGRESS CONTROL NUMBER
LC control number 88015423
020 ## - INTERNATIONAL STANDARD BOOK NUMBER
International Standard Book Number 9814058351
Terms of availability $34.95
040 ## - CATALOGING SOURCE
Original cataloging agency DLC
Transcribing agency DLC
Modifying agency DLC
050 00 - LIBRARY OF CONGRESS CALL NUMBER
Classification number QA 154.2
Item number .L712 2002
082 00 - DEWEY DECIMAL CLASSIFICATION NUMBER
Classification number M 512
Item number L53 2002
100 1# - MAIN ENTRY--PERSONAL NAME
Personal name Leithold, Louis.
245 10 - TITLE STATEMENT
Title College algebra and trigonometry /
Statement of responsibility, etc Leithold, Louis
260 ## - PUBLICATION, DISTRIBUTION, ETC. (IMPRINT)
Place of publication, distribution, etc United States :
Name of publisher, distributor, etc Addison-Wesley Publishing Company, Inc.,
Date of publication, distribution, etc c2002.
300 ## - PHYSICAL DESCRIPTION
Extent xviii, 702 p.
Other physical details ill. ;
Dimensions 24 cm.
500 ## - GENERAL NOTE
General note Includes index.
521 ## - TARGET AUDIENCE NOTE
Target audience note
526 ## - STUDY PROGRAM INFORMATION NOTE
Reading level 1210L-1700L
541 ## - IMMEDIATE SOURCE OF ACQUISITION NOTE
-- 1
562 ## - COPY AND VERSION IDENTIFICATION NOTE
Number of copies For circulation. 1 copy available in the collection
650 #0 - SUBJECT ADDED ENTRY--TOPICAL TERM
Topical term or geographic name as entry element Algebra.
650 #0 - SUBJECT ADDED ENTRY--TOPICAL TERM
Topical term or geographic name as entry element Trigonometry.
906 ## - LOCAL DATA ELEMENT F, LDF (RLIN)
a 7
b cbc
c orignew
d 1
e ocip
f 19
g y-gencatlg
942 ## - ADDED ENTRY ELEMENTS (KOHA)
Source of classification or shelving scheme Library of Congress Classification
Koha item type Books
Call number prefix
Holdings
Withdrawn status Lost status Source of classification or shelving scheme Damaged status Home library Current library Shelving location Date acquired Total Checkouts Full call number Barcode Date last seen Copy number Price effective from Koha item type
    Library of Congress Classification   College Library College Library General Circulation Section 06/05/2013   QA 154.2 .L712 2002 C5380 05/15/2018 1 11/14/2013 Books

College algebra and trigonometry /

APA

Leithold L., . (2002). College algebra and trigonometry. United States: Addison-Wesley Publishing Company, Inc.

Chicago

Leithold Louis, . 2002. College algebra and trigonometry. United States: Addison-Wesley Publishing Company, Inc.

Harvard

Leithold L., . (2002). College algebra and trigonometry. United States: Addison-Wesley Publishing Company, Inc.

MLA

Leithold Louis, . College algebra and trigonometry. United States: Addison-Wesley Publishing Company, Inc. 2002.

  • Place hold
  • Print
  • Cite
  • Add to your cart (remove)
  • Save record
    BIBTEX Dublin Core MARCXML MARC (non-Unicode/MARC-8) MARC (Unicode/UTF-8) MARC (Unicode/UTF-8, Standard) MODS (XML) RIS
  • More searches
    Search for this title in:
    Other Libraries (WorldCat) Other Databases (Google Scholar) Online Stores (Bookfinder.com) Open Library (openlibrary.org)

Exporting to Dublin Core...

SOUTHVILLE LIBRARY

Southville International School and Colleges Library

1281 Tropical Ave. Cor. Luxembourg St., BF Homes International, Las Pinas City

Tel. No. 8256374 / 252358 Loc. 117/146

Powered by Koha